| 000 | 02071nam a2200397 4500 | ||
|---|---|---|---|
| 001 | 174571 | ||
| 003 | ES-MaACL | ||
| 005 | 20251114103310.0 | ||
| 008 | 100506s1990 ck |||| |dspa d | ||
| 020 | _a958-643-000-6 | ||
| 080 | _a929 Torres, Manuel | ||
| 080 | _a327(861:73)"1810/1831"(093) | ||
| 080 | _a327(73:861)"1810/1831"(093) | ||
| 080 | _a986.1"19"(093) | ||
| 245 | 0 | 3 |
_aLa Gran Colombia y los Estados Unidos de América _b: relaciones diplomáticas, 1810-1831 / _c[compiladores, Luis Horacio López Domínguez, Nicolás García Samudio] ; prólogo, Julio Londoño Paredes. |
| 250 | _a1ª ed. | ||
| 260 |
_aBogotá : _bFundación Francisco de Paula Santander, _c1990. |
||
| 300 |
_a2 v. ; _c24 cm. |
||
| 490 | 1 |
_aBiblioteca Presidencia de la República. _aDocumentos ; _v68-69 |
|
| 500 | _aÍndices. | ||
| 504 | _aBibliografía: v. 2, p. 348-350. | ||
| 505 | 0 | _av. 1, 1ª parte: Capítulos de historia diplomática, 1810-1831 / Nicolás García Samudio - v. 1, 2ª parte: Documentos relativos a las relaciones entre la Gran Colombia y los Estados Unidos de América, 1819-1831. Índices. Cronología - v. 2: [Documentos... (continuación)]. Índices. Fuentes y bibliografía. Cronología. | |
| 594 | _aPrecede al tít.: Fundación para la Conmemoración del Bicentenario del Natalicio y el Sesquicentenario de la Muerte del General Francisco de Paula Santander. | ||
| 600 | 1 | 7 |
_aTorres, Manuel, _d1764-1822 _2 _9142736 |
| 600 | 1 | 4 |
_aSantander, Francisco de Paula. _9142712 |
| 651 | 4 |
_aColombia- _xRelaciones- _zEstados Unidos. _9142737 |
|
| 651 | 4 |
_aEstados Unidos- _xRelaciones- _zColombia. _9142738 |
|
| 651 | 7 |
_aColombia- _xHistoria- _y1810-1822, Guerra de la Independencia. _98075 |
|
| 651 | 4 |
_aGran Colombia- _xHistoria. _9171073 |
|
| 700 | 1 |
_aLópez Domínguez, Luis Horacio. _9142739 |
|
| 700 | 1 |
_aLondoño Paredes, Julio. _9142740 |
|
| 700 | 1 |
_aGarcía Samudio, Nicolás. _9142741 |
|
| 830 | 1 | 0 |
_aBiblioteca Presidencia de la República _v68-69 _9223702 |
| 852 |
_aES-MaACL _jC-57198-99 |
||
| 999 |
_c174571 _d174571 |
||